Montánna únia bakalárska práca

Gespeichert in:
Bibliographische Detailangaben
1. Verfasser: Kubalík, Martin
Körperschaft: Fakulta medzinárodných vzťahov EU. Katedra medzinárodných politických vzťahov
Weitere Verfasser: Greguš, Peter
Format: Buch
Sprache:Slowakisch
Veröffentlicht: Bratislava 2010
Tags: Tag hinzufügen
Keine Tags, Fügen Sie das erste Tag hinzu!

MARC

LEADER 00000nam$a2200000$$$4500
001 0136924
005 20240320074257.4
041 0 |a slo 
044 |a SK 
245 1 0 |a Montánna únia  |b bakalárska práca  |c Martin Kubalík ; školiteľ: Peter Greguš 
264 1 |a Bratislava  |c 2010 
300 |a 48 s. 
100 1 |a Kubalík, Martin 
700 1 |a Greguš, Peter 
710 2 |a Fakulta medzinárodných vzťahov EU. Katedra medzinárodných politických vzťahov